Detalles MARC
| 000 -LIDER |
| fixed length control field |
01651nam a22003017a 4500 |
| 001 - NÚMERO DE CONTROL |
| Identificador de número de control |
000784 |
| 003 - IDENTIFICACDOR DE NÚMERO DE CONTROL |
| control field |
DO-SdBNP |
| 005 - DATE AND TIME OF LATEST TRANSACTION |
| control field |
20180118110031.0 |
| 007 - CAMPOS FIJOS DE DESCRIPCIÓN FÍSICA |
| fixed length control field |
000784 |
| 008 - ELEMENTOS DE LONGITUD FIJA |
| fixed length control field |
161115b 2011 mx 00| 0 spa d |
| 020 ## - ISBN |
| International Standard Book Number |
9789870404422 |
| 040 ## - FUENTE DE CATALOGACIÓN |
| Agencia que crea de manera original el registro |
BPMSU |
| Idioma de catalogación |
spa |
| Agencia que realiza la transcripción |
BPMSU |
| 100 1# - ASIENTO PRINCIPAL -- NOMBRE PERSONAL |
| Nombre personal |
Carlos Schlaen |
| 245 ## - MENCIÓN DE TITULO |
| Título |
El caso del futbolista enmascarado / |
| Mención de responsabilidad |
Carlos Schlaen ; |
| 250 ## - MENCIÓN DE EDICION |
| Mención de edición |
2a. ed. 7a. reimmpresión |
| 260 ## - PUBLICACIÓN, DISTRIBUCIÓN, ETC. (PIE DE IMPRENTA) |
| Lugar de publicación, distribución, etc |
México : |
| Nombre del editor, distribuidor, etc. |
Ediciones Alfaguara, |
| Fecha de publicación, distribución, etc |
2011. |
| 300 ## - DESCRIPCIÓN FÍSICA |
| Extensión |
115 p. : |
| Otros detalles físicos |
ils. ; |
| Dimensiones |
21 cm. |
| 490 1# - MENCIÓN DE SERIES |
| Mención de serie |
Alfaguara infantil |
| 500 ## - NOTA GENERAL |
| Materiales especificados |
A pesar de las impresionantes medidas de seguridad que protegen la mansión de un industrialista, algo ha sido robado del cajón de su escritorio. Nadie puede explicar cómo esto podría suceder, pero la confusión crece cuando la policía anuncia que el único sospechoso es un jugador de fútbol famoso. Nico, llamado inesperadamente a defenderlo, descubrirá que no será un trabajo sencillo. |
| 500 ## - NOTA GENERAL |
| Materiales especificados |
Incluye datos biográficos del autor |
| 520 ## - RESUMEN, ETC. |
| Fuente |
A pesar de las impresionantes medidas de seguridad que protegen la mansión de un industrialista, algo ha sido robado del cajón de su escritorio. Nadie puede explicar cómo esto podría suceder, pero la confusión crece cuando la policía anuncia que el único sospechoso es un jugador de fútbol famoso. Nico, llamado inesperadamente a defenderlo, descubrirá que no será un trabajo sencillo. |
| 650 ## - ENCABEZAMIENTO DE MATERIA--TEMÁTICO |
| Término temático o nombre geográfico como elemento de entrada |
CUENTOS JUVENILES ARGENTINOS |
| 650 ## - ENCABEZAMIENTO DE MATERIA--TEMÁTICO |
| Término temático o nombre geográfico como elemento de entrada |
LITERATURA JUVENIL ARGENTINA |
| 830 #0 - ASIENTO SECUNDARIO DE SERIE--TÍTULO UNIFORME |
| Título uniforme |
Alfaguara infantil |
| 942 ## - ADDED ENTRY ELEMENTS (KOHA) |
| Source of classification or shelving scheme |
Dewey Decimal Classification |
| Koha item type |
Libros |
| 945 ## - INFORMACIÓN DE PROCESAMIENTO LOCAL |
| Información de procesamiento local |
Inventariado, 2018/LP |
| 956 ## - LOCAL ELECTRONIC LOCATION AND ACCESS (OCLC) |
| Nombre de host |
VMATEO |
| Número de acceso |
10 |
| Información de compresión |
20161115 |
| Trayectoria |
BPMSU |
| Nombre Electrónico |
0069 |